Oeuvres de Molière / (Record no. 159885)

MARC details
000 -LEADER
campo de control de longitud fija 00683nam a22001815i 4500
001 - NÚMERO DE CONTROL
campo de control 159885
003 - IDENTIFICADOR DE NÚMERO DE CONTROL
campo de control ES-MaACL
005 - FECHA Y HORA DE LA ÚLTIMA TRANSACCIÓN
campo de control 20250918063040.0
008 - DATOS DE LONGITUD FIJA--INFORMACIÓN GENERAL
campo de control de longitud fija 041110s1835 fr a |||| | fre d
040 ## - FUENTE DE CATALOGACIÓN
Centro catalogador/agencia de origen CAM
Lengua de catalogación spa
Centro/agencia transcriptor CAM
100 1# - ENTRADA PRINCIPAL--NOMBRE DE PERSONA
Nombre de persona Molière,
Fechas asociadas al nombre 1622-1673
9 (RLIN) 81873
245 10 - MENCIÓN DEL TÍTULO
Título Oeuvres de Molière /
Mención de responsabilidad, etc. avec des notes de divers commentateurs.
260 ## - PUBLICACIÓN, DISTRIBUCIÓN, ETC.
Lugar de publicación, distribución, etc. Paris :
Nombre del editor, distribuidor, etc. Chez Furne, Libraire-éditeur,
Fecha de publicación, distribución, etc. 1835 (
Fabricante Imprimerie et fonderie d'Éverat)
300 ## - DESCRIPCIÓN FÍSICA
Extensión XXXI, 701 p., [15] h. de lám. ;
Dimensiones 26 cm.
599 ## - NOTA A LAS ILUSTRACIONES
NOTA A LAS ILUSTRACIONES Las h. de lám. hacen referencia a las obras.
852 ## - LOCALIZACIÓN
Ubicación ES-MaACL
Número de control de estantería C-1739
Nota libre -- Enc. hol. con puntas
-- -- Legado M. de La Fuente
Holdings
Estatus retirado Estado de pérdida Estado de daño No para préstamo Colección Biblioteca de origen Biblioteca actual Ubicación en estantería Fecha de adquisición Fuente de adquisición Total de préstamos Signatura topográfica completa Código de barras Visto por última vez Precio de reemplazo Tipo de ítem Koha
        Libros del s. XIX Biblioteca del Ateneo de Madrid Biblioteca del Ateneo de Madrid Sala Palomar 17/01/2008     C-1739 1167376 23/02/2023 23/02/2023 Libro impreso antiguo